00553 a2200157 450000100060000008200100000609000170001610000430003324500850007626000450016130000360020650000230024294200200026599900190028595200910030487621 aPR 03 c41074d41074 aFaryal Aurooj, Plt Off 15211 69 (B) EC aPreparation of lab manuals and demostration of labs of AV-231 and AV-332 Courses aRislapurbCAE PAF Academy Risalpurc2010 ax, 192p.eMudassir Iqbal Wq Cdr aBE Project Reports aCAE NUSTkPR 03 c322694d322694 001040708NFICaCAEbCAEd2017-04-03l0oPR 03pCAEPR-03r2017-04-05w2017-04-05yBK